000 00335nam a22001337a 4500
008 250311b |||||||| |||| 00| 0 eng d
020 _a9783527314829
050 _aTP159
_b.M46
100 _aPeinemann Klaus-Victor
245 _aMembrane for Food Applications
260 _aWeinheim
_bWiley-VCH
_c2010
300 _aXV,247P
942 _cBK
999 _c2245
_d2245